Music Quiz

Random Music or Kpop Quiz

300 kpop idols (part 2) Quiz Stats

Quiz not verified by Sporcle

Challenge
Share
Tweet
Embed
Score 0/300 Timer 20:00
1 Play Today
Hint Answer % Correct
MAP6Sun
97.5%
Block BZico
91.3%
SeventeenJun
91%
LC9Jun
91%
SeventeenVernon
89.7%
BtoBSungjae
88.6%
Girls GenerationTaeyeon
87.9%
SeventeenWoozi
87.8%
Girls GenerationTiffany
87.8%
Girls GenerationSunny
87.6%
BtoBMinhyuk
87.5%
MAP6Minhyuk
87.5%
Block BTaeil
86.5%
NCT UTaeil
86.5%
HaloDino
86.3%
SeventeenDino
86.3%
SeventeenS.Coups
86%
Nu'estRen
86%
SeventeenThe8
85.9%
BtoBIlhoon
85.7%
Block BP.O
84.8%
SeventeenHoshi
84.4%
TwiceMomo
84.3%
Girls GenerationYoona
84.1%
SeventeenJoshua
84%
BtoBPeniel
83.8%
SeventeenDK
82.1%
Girls GenerationYuri
81.9%
TwiceTzuyu
81.6%
LovelyzJin
80.6%
SeventeenWonwoo
80%
Block BB-Bomb
79.8%
SeventeenJeonghan
79.8%
SeventeenMingyu
79.4%
Girls GenerationSeohyun
79.4%
Girls GenerationSooyoung
78.9%
NCT UMark
78.6%
MamamooSolar
78.4%
TroublemakerHyuna
78.3%
TwiceSana
78.1%
BtoBEunkwang
77.9%
Block BU-Kwon
77.5%
SeventeenSeungkwan
76.8%
NCT UTen
76.8%
Block BKyung
76.3%
Girls GenerationHyoyeon
76%
Nu'estAron
73.8%
NCT UTaeyong
73.2%
Nu'estJR
73%
TwiceMina
73%
TwiceDahyun
73%
Block BJaehyo
72.9%
MblaqMir
72.9%
BtoBChangsub
72.5%
TwiceJihyo
72.2%
BtoBHyunsik
71.7%
MamamooHwasa
71.1%
TwiceNayeon
70.5%
Nu'estBaekho
70.2%
MblaqG.O
69.7%
MamamooMoonbyul
69.7%
MamamooWheein
66.3%
TroublemakerHyunseung
66.3%
ShinhwaEric
65.7%
Nu'estMinhyun
64.3%
100%Rokhyun
62.7%
AKMUSuhyun
62.4%
G-FriendSinB
62.2%
TwiceChaeyoung
61.7%
MblaqSeungho
61.6%
AstroRocky
61.4%
ShinhwaAndy
61.4%
AstroJinjin
61%
AstroMoonbin
59.5%
T-araQri
59.5%
G-FriendYuju
58.9%
G-FriendEunha
58.9%
AstroMJ
58.6%
G-FriendUmji
58.3%
AstroSanha
58.1%
NCT UDoyoung
57.6%
NCT UJaehyun
57.5%
G-FriendYerin
57.1%
T-araJiyeon
56.2%
G-FriendSowon
54.8%
AstroEunwoo
54.6%
AKMUChanhyuk
54.3%
Wonder GirlsSunmi
52.7%
TwiceJungyeon
52.5%
Hello VenusLime
51.6%
LovelyzBaby Soul
51.6%
Wonder GirlsYubin
51.1%
LovelyzKei
50.8%
Hello VenusAlice
50.3%
Ladies CodeAshley
49.5%
SecretHyoseong
49.5%
T-araBoram
49.2%
100%Minwoo
48.6%
ShinhwaMinwoo
48.6%
CLCSorn
47.5%
Hint Answer % Correct
T-araEunjung
47.3%
LovelyzJisoo
47%
Wonder GirlsYeeun
46.8%
CLCYeeun
46.5%
JJCCPrince Mak
46.2%
T-araHyomin
46.2%
SecretHana
45.9%
Oh My GirlYooA
44.4%
Wonder GirlsHyelim
43.8%
Oh My GirlMimi
43.7%
SecretJieun
43.2%
JJCCSimba
42.9%
Oh My GirlBinnie
42.4%
AlphabatB:eta
42.1%
Oh My GirlSeunghee
42.1%
CLCSeunghee
42.1%
KNKYoujin
41.4%
F.cuzKan
41.4%
LaboumSoyeon
40.2%
Hello VenusNara
39.8%
RainbowJaekyung
39.5%
Oh My GirlArin
39.2%
JJCCEddy
38.9%
24KCory
38.4%
AlphabatD:elta
38.3%
SpicaBoa
38.1%
SecretSunhwa
37.5%
KNKSeungjun
36.3%
Ladies CodeZuny
36.3%
ShinhwaJunjin
36.2%
M.I.BKangnam
36.2%
JJCCE.Co
36%
LovelyzYein
35.7%
LovelyzJiae
35.7%
LovelyzMijoo
35.2%
Oh My GirlJiho
35.1%
AlphabatG:amma
34.8%
24KDaeil
34.1%
KNKHeejun
34.1%
Oh My GirlJinE
33.7%
KNKInseong
33.3%
RainbowWoori
32.2%
Ladies CodeSojung
32.1%
KNKJihun
31.6%
AlphabatI:ota
31.4%
AlphabatC:ode
31.3%
ShinhwaHyesung
31.3%
AlphabatE:psilon
31%
Oh My GirlHyojung
30.8%
JJCCYul
30%
RainbowJisook
28.7%
T-araSoyeon
28.7%
ShinhwaDongwan
28.4%
AlphabatJ:eta
28.3%
JJCCZica
28.1%
24KSungoh
27.9%
24KKisu
27.9%
CLCEunbin
27.9%
BESTieU.Ji
27.5%
LovelyzSujeong
26.8%
SonamooDana
26.8%
MatildaDana
26.8%
BESTieHyeyeon
26.7%
AlphabatH:eta
25.9%
HIGH4Alex
25.9%
Hello VenusYooyoung
25.7%
AlphabatF:ie
25.6%
CLCSeungyeon
25.6%
BESTieDahye
25.2%
24KHui
24.6%
SpicaBohyung
24.1%
Hello VenusYeoreum
23.7%
Hello VenusSeoyoung
23.2%
RainbowHyunyoung
23.2%
CLCYujin
22.9%
BESTieHaeryeong
22.9%
SpicaJiwon
22.7%
SonamooNew Sun
22.4%
JJCCSancheong
21.6%
RainbowSeunga
21.6%
SonamooHigh.D
21.4%
SpeedSungmin
21.3%
RainbowNoeul
21.3%
Tiny-GMint
21.1%
DMTNDaniel
20.3%
CLCElkie
20.3%
Tiny-GDohee
19.5%
100%Changbeom
18.7%
M.I.B5Zic
18.7%
RainbowYoonhye
18.4%
100%Hyukjin
18.3%
MAP6Sign
18.1%
M.I.BCream
18.1%
M.I.BSims
18.1%
SpicaNarae
17.9%
24KJinhong
17.6%
A.CIANHyukjin
17.3%
DMTNSimon
17%
SonamooSumin
17%
MAP6JJun
16.8%
Hint Answer % Correct
24KJeunguk
16.5%
BigfloHightop
16.5%
MAP6J.Vin
16%
SonamooNahyun
15.9%
RomeoMilo
15.7%
SpeedJongkook
15.6%
RomeoKyle
15.4%
100%Jonghwan
14.9%
100%Chanyong
14.9%
HaloOoon
14.3%
HIGH4Sunggu
14.3%
LaboumSolbin
14.3%
2EYESHyerin
14.3%
BigfloRon
14.1%
HIGH4Myunghan
13.8%
A.CIANJung Sang
13.7%
SpicaSihyun
13.3%
LaboumZN
13.3%
BigfloZ-Uk
13%
HIGH4Youngjun
13%
Led AppleYoungjun
13%
SonamooMinjae
12.9%
SpeedTaeha
12.7%
LC9King
12.4%
A-JAXSeungjin
12.4%
DMTNInati
12.2%
SonamooEui Jin
11.6%
SpeedYuhwan
11.4%
A-JAXHyeongkon
11.1%
LegendChangsun
11.1%
SpeedKI-O
10.8%
RomeoKangmin
10.5%
LaboumYulhee
10.5%
LC9AO
10.3%
LaboumHaein
10.3%
LU:KUS (L.A.U)Donghyun
10%
BigfloJungkyun
9.8%
Tiny-GJ.Min
9.8%
BigfloYuseong
9.5%
LegendListen
9.5%
LaboumYujeong
9.5%
VAVXiao
9.4%
LC9J-Hyo
9.4%
RomeoHyunkyung
9.4%
HaloHeecheon
9.2%
A.CIANJin.O
9.2%
RomeoSeunghwan
9.2%
2EYESDasom
9.2%
DMTNDari
9%
LegendRoi
9%
A-JAXSeungyeob
8.9%
LegendLito
8.9%
F.cuzJinon
8.9%
M.PIRET.O
8.9%
RomeoMinsung
8.7%
LC9Rasa
8.6%
Led AppleKyumin
8.4%
F.cuzYejun
8.1%
HaloJaeyong
7.9%
HaloInhaeng
7.9%
BigfloKichun
7.9%
RomeoYunsung
7.5%
F.cuzRaehyun
7.3%
LU:KUS (L.A.U)J.One
7.3%
DMTNDonglim
7.1%
Beat WinSeongho
7.1%
VAVJacob
6.8%
F.cuzDaegun
6.8%
VAVSt.Van
6.7%
VAVAce
6.7%
LegendJaehyuk
6.7%
M.PIRERed
6.7%
PurflesWooyoung
6.5%
2EYESDaeun
6.3%
M.PIREJerry
6.2%
Led AppleHyoseok
6%
VAVBaron
5.9%
HaloYundong
5.7%
LU:KUS (L.A.U)Choi
5.7%
Beat WinJungha
5.2%
VAVZehan
4.9%
LU:KUS (L.A.U)Jinwan
4.9%
PurflesGunhee
4.9%
M.PIRELumin
4.8%
A.CIANSanghyeon
4.8%
M.PIREHaru
4.6%
2EYESHyangsuk
4.4%
A-JAXJunghee
4.1%
M.PIRETaehee
4.1%
VAVGyeoUI
3.8%
MatildaHaena
3.7%
PurflesEunyong
3.3%
Beat WinYoungjo
3.3%
Beat WinSunhyeok
3.3%
Beat WinYoonhoo
3.2%
MatildaSaebyul
2.9%
MatildaSemi
2.9%
LU:KUS (L.A.U)Hyungjin
2.5%
M.PIREUseung
2.4%
A-JAXYunyeong
2.2%

You're not logged in!

Compare scores with friends on all Sporcle quizzes.
Sign Up with Email
OR
Log In

You Might Also Like...

Show Comments

Extras

Top Quizzes Today


Score Distribution

Your Account Isn't Verified!

In order to create a playlist on Sporcle, you need to verify the email address you used during registration. Go to your Sporcle Settings to finish the process.